Les routes transafricaines - Statistiques

Statistiques générales
  • Ce quiz a été pris 11 fois
  • Le résultat moyen est 68 sur 70
Statistiques - réponses
Hint Réponse % Correct
Transafricaine 3 * Tripoli / Le Cap 363 km Afrique-du-Sud
100%
Transafricaine 4 * Le Caire / Zimbabwe 1297 km Afrique-du-Sud
100%
Transafricaine 1 * Le Caire / Dakar 1341 km Algérie
100%
Transafricaine 2 * Alger / Lagos 2016 km Algérie
100%
Transafricaine 3 * Tripoli / Le Cap 2001 km Angola
100%
Transafricaine 9 * Beira / Lobito 1157 km Angola
100%
Transafricaine 7 * Dakar / Lagos 122 km Bénin
100%
Transafricaine 5 * Dakar / N'Djamena 862 km Burkina Faso
100%
Transafricaine 10 * Djibouti / Bata 150 km Burundi
100%
Transafricaine 3 * Tripoli / Le Cap 1036 km Congo
100%
Transafricaine 10 * Djibouti / Bata 702 km Congo
100%
Transafricaine 7 * Dakar / Lagos 779 km Côte d'ivoire
100%
Transafricaine 6 * N'Djamena / Djibouti 219 km Djibouti
100%
Transafricaine 10 * Djibouti / Bata 95 km Djibouti
100%
Transafricaine 1 * Le Caire / Dakar 720 km Egypte
100%
Transafricaine 4 * Le Caire / Zimbabwe 1140 km Egypte
100%
Transafricaine 4 * Le Caire / Zimbabwe 1692 km Ethiopie
100%
Transafricaine 6 * N'Djamena / Djibouti 1056 km Ethiopie
100%
Transafricaine 10 * Djibouti / Bata 1942 km Ethiopie
100%
Transafricaine 10 * Djibouti / Bata 815 km Gabon
100%
Transafricaine 7 * Dakar / Lagos 593 km Ghana
100%
Transafricaine 7 * Dakar / Lagos 439 km Guinée
100%
Transafricaine 7 * Dakar / Lagos 377 km Guinée Bissau
100%
Transafricaine 1 * Le Caire / Dakar 1869 km Libye
100%
Transafricaine 3 * Tripoli / Le Cap 1598 km Libye
100%
Transafricaine 5 * Dakar / N'Djamena 1147 km Mali
100%
Transafricaine 1 * Le Caire / Dakar 2822 km Maroc
100%
Transafricaine 1 * Le Caire / Dakar 773 km Mauritanie
100%
Transafricaine 9 * Beira / Lobito 282 km Mozambique
100%
Transafricaine 2 * Alger / Lagos 655 km Niger
100%
Transafricaine 5 * Dakar / N'Djamena 837 km Niger
100%
Transafricaine 2 * Alger / Lagos 1193 km Nigeria
100%
Transafricaine 5 * Dakar / N'Djamena 972 km Nigeria
100%
Transafricaine 7 * Dakar / Lagos 90 km Nigeria
100%
Transafricaine 8 * Lagos / Mombasa 737 km Nigeria
100%
Transafricaine 8 * Lagos / Mombasa 740 km Ouganda
100%
Transafricaine 10 * Djibouti / Bata 720 km Ouganda
100%
Transafricaine 3 * Tripoli / Le Cap 362 km RD Congo
100%
Transafricaine 8 * Lagos / Mombasa 1561 km RD Congo
100%
Transafricaine 9 * Beira / Lobito 863 km RD Congo
100%
Transafricaine 10 * Djibouti / Bata 3090 km RD Congo
100%
Transafricaine 10 * Djibouti / Bata 240 km Rwanda
100%
Transafricaine 1 * Le Caire / Dakar 361 km Sénégal
100%
Transafricaine 5 * Dakar / N'Djamena 642 km Sénégal
100%
Transafricaine 7 * Dakar / Lagos 488 km Sénégal
100%
Transafricaine 4 * Le Caire / Zimbabwe 1321 km Soudan
100%
Transafricaine 6 * N'Djamena / Djibouti 1892 km Soudan
100%
Transafricaine 3 * Tripoli / Le Cap 1930 km Tchad
100%
Transafricaine 5 * Dakar / N'Djamena 7 km Tchad
100%
Transafricaine 6 * N'Djamena / Djibouti 1124 km Tchad
100%
Transafricaine 7 * Dakar / Lagos 65 km Togo
100%
Transafricaine 1 * Le Caire / Dakar 750 km Tunisie
100%
Transafricaine 4 * Le Caire / Zimbabwe 1496 km Zambie
100%
Transafricaine 9 * Beira / Lobito 606 km Zambie
100%
Transafricaine 4 * Le Caire / Zimbabwe 643 km Botswana
91%
Transafricaine 3 * Tripoli / Le Cap 1517 km Cameroun
91%
Transafricaine 5 * Dakar / N'Djamena 113 km Cameroun
91%
Transafricaine 8 * Lagos / Mombasa 1044 km Cameroun
91%
Transafricaine 3 * Tripoli / Le Cap 482 km Centrafrique
91%
Transafricaine 8 * Lagos / Mombasa 1319 km Centrafrique
91%
Transafricaine 10 * Djibouti / Bata 147 km Guinée équatoriale
91%
Transafricaine 4 * Le Caire / Zimbabwe 970 km Kenya
91%
Transafricaine 8 * Lagos / Mombasa 1100 km Kenya
91%
Transafricaine 10 * Djibouti / Bata 1200 km Kenya
91%
Transafricaine 3 * Tripoli / Le Cap 1519 km Namibie
91%
Transafricaine 4 * Le Caire / Zimbabwe 1130 km Tanzanie
91%
Transafricaine 7 * Dakar / Lagos 540 km Liberia
82%
Transafricaine 7 * Dakar / Lagos 407 km Sierra Leone
82%
Transafricaine 4 * Le Caire / Zimbabwe 539 km Zimbabwe
82%
Transafricaine 9 * Beira / Lobito 655 km Zimbabwe
82%
Aucun quiz correspondant
Distribution des résultats
% des personnes avec chaque résultat
Percentile par nombre de réponses
Votre historique - résultats
Vous n’avez pas pris ce quiz